Islam and the modern age : an analysis and an appraisal

Bibliographic Details
Main Author: Lichtenstadter, Ilse (Author)
Format: Book
Published: New York : Bookman Association , c1958
Subjects:

MARC

LEADER 00000cam a2200000 7i4500
001 0000006414
005 20070514093000.0
008 021119s1958
090 0 0 |a BP161.2   |b .L523 
100 0 |a Lichtenstadter, Ilse ,   |e author 
245 0 0 |a Islam and the modern age :   |b an analysis and an appraisal   |c Ilse Lichtenstadter 
260 2 |a New York :   |b Bookman Association ,   |c c1958 
300 |a 228 p. ;   |c 22 cm. 
650 0 |a Islam   |y 20th century 
999 |a 1000004718   |b Book   |c OPEN SHELF (30 DAYS)   |e Gong Badak Campus